Stolice - Level Łatwy - Statystyki

Ogólne statystyki
  • Ten quiz został rozwiązany 32 razy
  • Średni wynik to 5 z 5
Statystyki odpowiedzi
Zagadnienie Odpowiedź % Poprawnych
Stolica Francji to: Paryż
100%
Stolica Chin to: Pekin
100%
Stolica Danii to: Kopenhaga
93%
Stolica Turcji to: Ankara
85%
Stolica Irlandii to: Dublin
81%
Nie znaleziono quizów pasujących do podanych kryteriów
Rozkład punktacji
Procent ludzi z każdym wynikiem
Percentyl według liczby udzielonych odpowiedzi
Twoja historia wyników
Nie rozwiązałeś tego quizu